Städte dem Land zuordnen - Statistiken

Allgemein
  • Dieses Quiz wurde 1.546 mal gespielt
  • Das Durchschnittsergebnis liegt bei 19 aus 30
Antwortstatistiken
Hint Antwort % Korrekt
Brüssel Belgien
90%
Ankara Türkei
90%
Innsbruck Österreich
87%
Straßburg Frankreich
86%
Oslo Norwegen
85%
Krakau Polen
85%
Antalya Türkei
85%
Sevilla Spanien
84%
Basel Schweiz
82%
Thessaloniki Griechenland
79%
Nizza Frankreich
78%
Genf Schweiz
78%
Linz Österreich
77%
Danzig Polen
75%
Utrecht Niederlande
73%
Göteborg Schweden
71%
Alicante Spanien
66%
Bergen Norwegen
62%
Antwerpen Belgien
61%
Patras Griechenland
59%
Siena Italien
54%
Bari Italien
53%
Pula Kroatien
52%
Uppsala Schweden
49%
Espoo Finnland
44%
Kópavogur Island
40%
Tampere Finnland
35%
Sisak Kroatien
28%
Almere Niederlande
17%
Akureyri Island
15%
Keine übereinstimmenden Quizze gefunden
Verteilung der Resultate
Anzahl Personen mit jedem Resultat
Perzentil nach korrekt beantworteten Fragen
Ihre Resultats-Entwicklung
Sie haben dieses Quiz noch nicht gespielt